000 00307 a2200145 4500
001 170660
020 _a
040 _cMagnum
100 _aZiraldo
240 1 0 _aUna sonrisa llamada luis
_lESP
245 1 0 _aUna sonrisa llamada luis
362 0 _a1899
697 _aLITERATURA ESTRANGEIRA
942 _cBK
999 _c170660
_d170660